Cestovní ruch v kontextu udržitelnosti
Vymedzenie udržateľného rozvoja cestovného ruchu. Vývoj certifikácie ekoznačky v regiónoch Európskej únie. Vzťah indexu ekologickej inovácie a počtu certifikácie ubytovacieho zariadenia.
Enregistré dans:
| Auteur principal: | |
|---|---|
| Format: | Chapitre de livre |
| Langue: | tchèque |
| Sujets: | |
| Tags: |
Pas de tags, Soyez le premier à ajouter un tag!
|
MARC
| LEADER | 00000naa$a2200000$$$4500 | ||
|---|---|---|---|
| 001 | 0252602 | ||
| 005 | 20190326132001.4 | ||
| 041 | 0 | |a cze | |
| 044 | |a SK | ||
| 245 | 1 | 0 | |a Cestovní ruch v kontextu udržitelnosti |c Milena Botlíková |
| 520 | |a Vymedzenie udržateľného rozvoja cestovného ruchu. Vývoj certifikácie ekoznačky v regiónoch Európskej únie. Vzťah indexu ekologickej inovácie a počtu certifikácie ubytovacieho zariadenia. | ||
| 610 | 2 | 0 | |a environmentalistika |
| 610 | 2 | 0 | |a ekológia |
| 610 | 2 | 0 | |a ruch cestovný |
| 610 | 2 | 0 | |a značky environmentálne |
| 610 | 2 | 0 | |a zariadenia ubytovacie |
| 610 | 2 | 0 | |a certifikácia |
| 610 | 2 | 0 | |a Európska únia |
| 100 | 1 | |a Botlíková, Milena | |